| 000 | 00544nam a22001937a 4500 | ||
|---|---|---|---|
| 003 | BD-DhJNU | ||
| 005 | 20250410123216.0 | ||
| 008 | 250410b |||||||| |||| 00| 0 eng d | ||
| 020 | _a9788131760253 | ||
| 040 |
_aBD-DhJNU _bENG _cBD-DhJNU _dBD-DhJNU |
||
| 082 |
_223 _a301.3208 |
||
| 100 | _aDasgupta, Samir | ||
| 245 |
_aSocial demography / _cSamir Dasgupta |
||
| 260 |
_aNew Delhi : _bPearson, _c2012. |
||
| 300 |
_ax, 266 p. : _bill. ; _c23 cm. |
||
| 504 | _aincludes bibliographical reference | ||
| 650 | _aDemography | ||
| 942 |
_2ddc _cBK _n0 |
||
| 999 |
_c1566 _d1566 |
||